<?xml version="1.0" encoding="UTF-8"?>
<record
    xmlns:xsi="http://www.w3.org/2001/XMLSchema-instance"
    xsi:schemaLocation="http://www.loc.gov/MARC21/slim http://www.loc.gov/standards/marcxml/schema/MARC21slim.xsd"
    xmlns="http://www.loc.gov/MARC21/slim">

  <leader>01279nam a2200229   4500</leader>
  <controlfield tag="005">20240715104723.0</controlfield>
  <controlfield tag="008">160609s2010    s  a|||| |||| 00| 0 spa d</controlfield>
  <datafield tag="020" ind1=" " ind2=" ">
    <subfield code="a">9788483226544</subfield>
  </datafield>
  <datafield tag="050" ind1=" " ind2="4">
    <subfield code="a">RG951 </subfield>
    <subfield code="b">T6818</subfield>
  </datafield>
  <datafield tag="100" ind1="1" ind2=" ">
    <subfield code="a">Towle, Mary Ann</subfield>
    <subfield code="e">autor</subfield>
  </datafield>
  <datafield tag="240" ind1="1" ind2="0">
    <subfield code="a">Maternal-Newborn Nursing Care</subfield>
  </datafield>
  <datafield tag="245" ind1="1" ind2="0">
    <subfield code="a">Asistencia de enfermer&#xED;a materno-neonatal</subfield>
    <subfield code="c">/ Mary Ann Towle ; traducci&#xF3;n y producci&#xF3;n editorial GEA Consultor&#xED;a</subfield>
  </datafield>
  <datafield tag="260" ind1="3" ind2=" ">
    <subfield code="a">Madrid, Espa&#xF1;a </subfield>
    <subfield code="a">: M&#xE9;xico </subfield>
    <subfield code="b">: Pearson Educaci&#xF3;n</subfield>
    <subfield code="c">, 2010</subfield>
  </datafield>
  <datafield tag="300" ind1=" " ind2=" ">
    <subfield code="a">xxiii, 580 p&#xE1;ginas</subfield>
    <subfield code="b">+ CD-ROM  12 mm.</subfield>
  </datafield>
  <datafield tag="504" ind1=" " ind2=" ">
    <subfield code="a">Incluye: Ap&#xE9;ndices, Bibliograf&#xED;a y recursos, Glosario e &#xEF;ndice alfab&#xE9;tico</subfield>
  </datafield>
  <datafield tag="505" ind1="1" ind2=" ">
    <subfield code="a">Introducci&#xF3;na la enfermer&#xED;a Materno-neonatal
Reproducci&#xF3;n y salud
Asistencia de enfermer&#xED;a durante el per&#xED;odo prenatal
Asistencia de enfermer&#xED;a durante el parto y el nacimiento
Asistencia de enfermer&#xED;a en el puerperio
Asistencia de enfermer&#xED;a al neonato
</subfield>
  </datafield>
  <datafield tag="519" ind1=" " ind2=" ">
    <subfield code="a">Material complementario Plan UNAM / </subfield>
    <subfield code="b">Enfermer&#xED;a / </subfield>
    <subfield code="c">Enfermer&#xED;a materno-neonatal 1411 / </subfield>
    <subfield code="d">23 000769, 23 000770, 23 000771</subfield>
  </datafield>
  <datafield tag="650" ind1="1" ind2="4">
    <subfield code="a">ENFERMER&#xCD;A DE MATERNIDAD</subfield>
  </datafield>
  <datafield tag="650" ind1="2" ind2="4">
    <subfield code="a">ENFERMER&#xCD;A</subfield>
    <subfield code="x">PR&#xC1;CTICA</subfield>
  </datafield>
  <datafield tag="942" ind1=" " ind2=" ">
    <subfield code="c">LB</subfield>
  </datafield>
  <datafield tag="952" ind1=" " ind2=" ">
    <subfield code="0">0</subfield>
    <subfield code="1">0</subfield>
    <subfield code="4">0</subfield>
    <subfield code="7">0</subfield>
    <subfield code="a">23</subfield>
    <subfield code="b">23</subfield>
    <subfield code="d">2016-06-09</subfield>
    <subfield code="l">22</subfield>
    <subfield code="m">4</subfield>
    <subfield code="o">RG951 T6818</subfield>
    <subfield code="p">23 000769</subfield>
    <subfield code="q">2026-03-31</subfield>
    <subfield code="r">2026-03-28</subfield>
    <subfield code="s">2026-01-06</subfield>
    <subfield code="t">1</subfield>
    <subfield code="w">2016-06-09</subfield>
    <subfield code="y">LB</subfield>
  </datafield>
  <datafield tag="952" ind1=" " ind2=" ">
    <subfield code="0">0</subfield>
    <subfield code="1">0</subfield>
    <subfield code="2">lcc</subfield>
    <subfield code="4">0</subfield>
    <subfield code="7">0</subfield>
    <subfield code="a">23</subfield>
    <subfield code="b">23</subfield>
    <subfield code="d">2016-06-09</subfield>
    <subfield code="l">27</subfield>
    <subfield code="m">5</subfield>
    <subfield code="o">RG951 T6818</subfield>
    <subfield code="p">23 000770</subfield>
    <subfield code="r">2026-02-06</subfield>
    <subfield code="s">2024-03-16</subfield>
    <subfield code="t">2</subfield>
    <subfield code="w">2016-06-09</subfield>
    <subfield code="y">LB</subfield>
  </datafield>
  <datafield tag="952" ind1=" " ind2=" ">
    <subfield code="0">0</subfield>
    <subfield code="1">0</subfield>
    <subfield code="4">0</subfield>
    <subfield code="7">0</subfield>
    <subfield code="a">23</subfield>
    <subfield code="b">23</subfield>
    <subfield code="d">2016-06-09</subfield>
    <subfield code="l">11</subfield>
    <subfield code="m">2</subfield>
    <subfield code="o">RG951 T6818</subfield>
    <subfield code="p">23 000771</subfield>
    <subfield code="r">2026-02-06</subfield>
    <subfield code="s">2025-04-12</subfield>
    <subfield code="t">3</subfield>
    <subfield code="w">2016-06-09</subfield>
    <subfield code="y">LB</subfield>
  </datafield>
  <datafield tag="999" ind1=" " ind2=" ">
    <subfield code="c">100053</subfield>
    <subfield code="d">100053</subfield>
  </datafield>
</record>
